<?xml version="1.0" encoding="UTF-8"?>
<record
    xmlns:xsi="http://www.w3.org/2001/XMLSchema-instance"
    xsi:schemaLocation="http://www.loc.gov/MARC21/slim http://www.loc.gov/standards/marcxml/schema/MARC21slim.xsd"
    xmlns="http://www.loc.gov/MARC21/slim">

  <leader>00829    a2200229   4500</leader>
  <controlfield tag="005">20240125120940.0</controlfield>
  <datafield tag="010" ind1=" " ind2=" ">
    <subfield code="a">ENG-139023  ENG-139024</subfield>
  </datafield>
  <datafield tag="020" ind1=" " ind2=" ">
    <subfield code="a">9788196241049(Set of 2)</subfield>
    <subfield code="c">6995.00</subfield>
  </datafield>
  <datafield tag="035" ind1=" " ind2=" ">
    <subfield code="a">EN-122555 </subfield>
  </datafield>
  <datafield tag="035" ind1=" " ind2=" ">
    <subfield code="a">EN-122556</subfield>
  </datafield>
  <datafield tag="037" ind1=" " ind2=" ">
    <subfield code="b">DBAD/PUB</subfield>
  </datafield>
  <datafield tag="082" ind1="1" ind2="4">
    <subfield code="a">343.540944</subfield>
    <subfield code="2">17</subfield>
  </datafield>
  <datafield tag="100" ind1="1" ind2=" ">
    <subfield code="a">Vijayaraghavan, N</subfield>
    <subfield code="9">61303</subfield>
  </datafield>
  <datafield tag="245" ind1="1" ind2=" ">
    <subfield code="a">Kannan &amp; Vijayaraghavan Motor Vehicles Laws/</subfield>
    <subfield code="c">By N  Vijayaraghavan and Sharath Chandran</subfield>
  </datafield>
  <datafield tag="250" ind1=" " ind2=" ">
    <subfield code="a">17</subfield>
  </datafield>
  <datafield tag="260" ind1=" " ind2=" ">
    <subfield code="a">Haryana</subfield>
    <subfield code="b">Lexis Nexis</subfield>
    <subfield code="c">2023</subfield>
  </datafield>
  <datafield tag="270" ind1=" " ind2=" ">
    <subfield code="a">14th Floor, Building Noi 10, Tower-B, DLF Cyber City, Phase II</subfield>
    <subfield code="b">Haryana</subfield>
    <subfield code="e">122002</subfield>
    <subfield code="k">+911244774444</subfield>
    <subfield code="l">+911244774100</subfield>
    <subfield code="m">customer.care@lexisnexis.co.in</subfield>
  </datafield>
  <datafield tag="300" ind1=" " ind2=" ">
    <subfield code="a">cdxxvi,3870p.</subfield>
    <subfield code="c">25cm(hbk)</subfield>
  </datafield>
  <datafield tag="490" ind1=" " ind2=" ">
    <subfield code="v">Vol 1,Vol 2</subfield>
  </datafield>
  <datafield tag="700" ind1=" " ind2=" ">
    <subfield code="a">Chandran, Sharath </subfield>
    <subfield code="e">Author</subfield>
    <subfield code="9">61300</subfield>
  </datafield>
  <datafield tag="942" ind1=" " ind2=" ">
    <subfield code="c">EN</subfield>
    <subfield code="2">ddc</subfield>
    <subfield code="h">343.540944</subfield>
    <subfield code="m">VIJ</subfield>
  </datafield>
  <datafield tag="999" ind1=" " ind2=" ">
    <subfield code="c">200380</subfield>
    <subfield code="d">200380</subfield>
  </datafield>
  <datafield tag="952" ind1=" " ind2=" ">
    <subfield code="0">0</subfield>
    <subfield code="1">0</subfield>
    <subfield code="3">Vol 1</subfield>
    <subfield code="4">0</subfield>
    <subfield code="7">1</subfield>
    <subfield code="8">REF</subfield>
    <subfield code="a">ZLS</subfield>
    <subfield code="b">ZLS</subfield>
    <subfield code="d">2024-01-25</subfield>
    <subfield code="e">DBAD/PUB</subfield>
    <subfield code="g">3497.50</subfield>
    <subfield code="l">0</subfield>
    <subfield code="o">343.540944 VIJ</subfield>
    <subfield code="p">EN-122555</subfield>
    <subfield code="r">2024-01-25 00:00:00</subfield>
    <subfield code="t">1</subfield>
    <subfield code="v">3497.50</subfield>
    <subfield code="w">2024-01-25</subfield>
    <subfield code="y">EN</subfield>
  </datafield>
  <datafield tag="952" ind1=" " ind2=" ">
    <subfield code="0">0</subfield>
    <subfield code="1">0</subfield>
    <subfield code="3">Vol 2</subfield>
    <subfield code="4">0</subfield>
    <subfield code="7">1</subfield>
    <subfield code="8">REF</subfield>
    <subfield code="a">ZLS</subfield>
    <subfield code="b">ZLS</subfield>
    <subfield code="d">2024-01-25</subfield>
    <subfield code="e">DBAD/PUB</subfield>
    <subfield code="g">3497.50</subfield>
    <subfield code="l">0</subfield>
    <subfield code="o">343.540944 VIJ</subfield>
    <subfield code="p">EN-122556</subfield>
    <subfield code="r">2024-01-25 00:00:00</subfield>
    <subfield code="t">1</subfield>
    <subfield code="v">3497.50</subfield>
    <subfield code="w">2024-01-25</subfield>
    <subfield code="y">EN</subfield>
  </datafield>
</record>
